Hospodářský zákoník a předpisy souvisící
Salvato in:
| Autore principale: | |
|---|---|
| Natura: | Libro |
| Lingua: | ceco |
| Pubblicazione: |
Praha
Panorama
1984
|
| Edizione: | 3. podstatně přeprac. a dopln. vyd. |
| Tags: |
Nessun Tag, puoi essere il primo ad aggiungerne!!
|
MARC
| LEADER | 00000nam a2200000 4500 | ||
|---|---|---|---|
| 001 | c106213 | ||
| 005 | 20221220090603.9 | ||
| 041 | 0 | |a cze | |
| 044 | |a CZ | ||
| 245 | 1 | 0 | |a Hospodářský zákoník a předpisy souvisící |c Karel Čapek |
| 250 | |a 3. podstatně přeprac. a dopln. vyd. | ||
| 264 | 1 | |a Praha |b Panorama |c 1984 | |
| 300 | |a 640 s. | ||
| 100 | 1 | |a Čapek, Karel | |